01124nam a22002297a 4500020001800000041000900018082001800027100002000045245003800065260007600103300002200179490001500201520003900216650004600255942000700301952011300308952011400421952011500535952011400650952011300764999001700877 a9788175874251 aURDU a891.4393bJAF aJafar, Sayyidah aTarikh-e- adab-e-Urdū 1700 takh aNew DelhibQaumī Kaunsil barāʼe Farog̲h̲-i Urdū Zabānc2011. b5 volumes ; 22 cm a5 volumes  aEarly history of Urdu literature.  aUrdu literature -- History and criticism. cBK 001040708REFaHMIbHMIcREFd2018-10-10g170.00l0o891.4393 JAF VOL Ip19809r2018-10-10w2018-10-10yBK 001040708REFaHMIbHMIcREFd2018-10-10g170.00l0o891.4393 JAF VOL IIp19810r2022-08-29w2018-10-10yBK 001040708REFaHMIbHMIcREFd2018-10-10g170.00l0o891.4393 JAF VOL IIIp19811r2018-10-10w2018-10-10yBK 001040708REFaHMIbHMIcREFd2018-10-10g170.00l0o891.4393 JAF VOL IVp19812r2018-10-10w2018-10-10yBK 001040708REFaHMIbHMIcREFd2018-10-10g170.00l0o891.4393 JAF VOL Vp19813r2018-10-10w2018-10-10yBK c21695d21695